Les tonalités - Statistiques

Statistiques générales
  • Ce quiz a été pris 152 fois
  • Le résultat moyen est 10 sur 16
Statistiques - réponses
Hint Réponse % Correct
Faire rire (ou sourire),
montrer les défauts
des hommes, de la
société.
Comique
88%
Impressionner par le
caractère grandiose du
récit ou de la
description.
Epique
86%
Exprimer une
souffrance, susciter la
pitié.
Pathétique
85%
Exprimer des sentiments (heureux ou
malheureux),
émouvoir.
Lyrique
84%
Susciter terreur et pitié
(idée de destin, de
fatalité : personnages
dépassés par une force
qui les écrase).
Tragique
82%
Critique et moqueur (caricatures). Satirique
80%
Hésitation entre réel et irréel, doute, incertitude, angoisse. Fantastique
77%
Critique et moqueur (antiphrases : opposition entre ce qui est dit et pensé). Ironique
66%
Qui explique, qui se veut pédagogique. Didactique
58%
Attaquer un ou des
adversaire(s) avec
virulence.
Polémique
58%
Plaintif, mélancolique. Elégiaque
44%
Descriptions donnant l’illusion du réel, conformité avec la vraie vie. Réaliste
43%
Surnaturel de convention. Merveilleux
37%
Action, péripéties, rebondissements, suspense. Dramatique
36%
Eloge ou blâme. Epidictique
26%
Discours adressé à une assemblée (réelle ou fictive), phrases plus ou moins longues et bien construites. Oratoire
26%
Aucun quiz correspondant
Distribution des résultats
% des personnes avec chaque résultat
Percentile par nombre de réponses
Votre historique - résultats
Vous n’avez pas pris ce quiz